=LDR 00000nam 2200000 4500 =001 000954 =005 20250712013413 =035 ##$$a 0010-0725000833 =007 ta =008 250712################a##########0#ind## =020 ##$$a 978-623-307-398-1 =082 ##$$a 398.209 598 =084 ##$$a 398.209 598 SEL a =100 #$$a selvanathan Anitha =245 1#$$a Arum pergi ke pasar /$c Anitha selvanathan =250 ##$$a Cetakan pertama =260 ##$$a Rawamangun :$b Badan pengembangan dan pembinaan bahasa,$c 2022 =300 ##$$a 16 hlm. : $b Ilus. ; $c 21 cm. =650 #4$$a Cerita anak indonesia-terjemahan =650 #4$$a Literasi-bahan bacaan